00286pab a2200121 454500008004000000100001900040245003700059260000900096300001000105362000900115650002000124773002000144180718b1989 xxu||||| |||| 00| 0 eng d aNarasimham, M. aTowards financial liberalisation c1989 a58-77 aDec. aFinance, Public aIASSI Quarterly